| Tag |
First Indicator |
Second Indicator |
Subfields |
| LEADER |
00000cam a22000001a 4500 |
| 001 |
in00003220821 |
| 005 |
20190404184312.0 |
| 006 |
m d f |
| 007 |
cr bn mmmapmmp |
| 008 |
091020s1988 dcua ob f000 0 eng d |
| 035 |
|
|
|a cis2007454217
|
| 040 |
|
|
|a UMI
|c UMI
|d UtOrBLW
|
| 043 |
|
|
|a n-us---
|
| 074 |
|
|
|a 1045-A, 1045-B (microfiche)
|
| 086 |
0 |
|
|a Y 4.P 96/10:S.hrg.100-622
|
| 099 |
|
|
|a HRG-1988-PWO-0014
|
| 110 |
1 |
|
|a United States.
|b Congress.
|b Senate.
|b Committee on Environment and Public Works.
|b Subcommittee on Superfund and Environmental Oversight.
|
| 245 |
1 |
0 |
|a Implementation of Title I of the Marine Protection, Research, and Sanctuaries Act :
|b joint hearing before the subcommittees on Superfund and Environmental Oversight and Environmental Protection of the Committee on Environment and Public Works, United States Senate, One Hundredth Congress, second session, February 18, 1988.
|
| 264 |
|
1 |
|a Washington :
|b U.S. G.P.O.,
|c 1988.
|
| 300 |
|
|
|a 1 online resource.
|
| 336 |
|
|
|a text
|b txt
|2 rdacontent
|
| 337 |
|
|
|a computer
|b c
|2 rdamedia
|
| 338 |
|
|
|a online resource
|b cr
|2 rdacarrier
|
| 490 |
1 |
|
|a S. hrg. ;
|v 100-622
|
| 500 |
|
|
|a Record is based on bibliographic data in ProQuest Congressional Hearings Digital Collection. Reuse except for individual research requires license from ProQuest, LLC.
|
| 504 |
|
|
|a Includes bibliographical references.
|
| 538 |
|
|
|a System requirements: PDF reader software.
|
| 500 |
|
|
|a Electronic resource.
|
| 650 |
|
0 |
|a Waste disposal in the ocean
|x Law and legislation
|z United States.
|
| 650 |
|
0 |
|a Marine pollution
|x Law and legislation
|z United States.
|
| 650 |
|
0 |
|a Sewage disposal
|x Law and legislation
|z United States.
|
| 655 |
|
7 |
|a Electronic books.
|2 local
|
| 710 |
2 |
|
|a ProQuest (Firm)
|
| 710 |
1 |
|
|a United States.
|b Congress.
|b Senate.
|b Committee on Environment and Public Works.
|b Subcommittee on Environmental Protection.
|
| 776 |
0 |
8 |
|i Print version:
|a United States. Congress. Senate. Committee on Environment and Public Works. Subcommittee on Superfund and Environmental Oversight.
|t Implementation of Title I of the Marine Protection, Research, and Sanctuaries Act
|w (OCoLC)18234537
|w gp 88015660
|
| 776 |
0 |
8 |
|i Microfiche version:
|a United States. Congress. Senate. Committee on Environment and Public Works. Subcommittee on Superfund and Environmental Oversight.
|t Implementation of Title I of the Marine Protection, Research, and Sanctuaries Act.
|d [Bethesda, Md.] : ProQuest,[2004]
|o CIS 88 S321-47
|w (ProQuest)cis08802303
|
| 810 |
1 |
|
|a United States.
|b Congress.
|b Senate.
|t S. hrg. ;
|v 100-622.
|
| 830 |
|
0 |
|a U.S. Congressional Hearings.
|
| 856 |
4 |
0 |
|u http://proxy.library.tamu.edu/login?url=http://congressional.proquest.com/congcomp/getdoc?HEARING-ID=HRG-1988-PWO-0014
|z Connect to the full text of this electronic book
|t 0
|
| 998 |
|
|
|a cis08802303
|
| 999 |
|
|
|a MARS
|
| 999 |
f |
f |
|s 95c27323-70d1-31a5-93c3-a12446bf5992
|i d43ed06c-5fc5-3602-b275-47cf81e4d176
|t 0
|
| 952 |
f |
f |
|a Texas A&M University
|b College Station
|c Electronic Resources
|d Available Online
|t 0
|e HRG-1988-PWO-0014
|h Other scheme
|
| 998 |
f |
f |
|a HRG-1988-PWO-0014
|t 0
|l Available Online
|